000
00264nam a2200109Ia 4500
008
190216s9999||||xx |||||||||||||| ||und||
100
_a
Gupta R K
245
0
_a
Principles And Practice Of Management Accounting
260
_b
Null
_c
1979
300
_a
598p
942
_c
BK
999
_c
4635
_d
4635